| 000 | 00776nam a22002177a 4500 | ||
|---|---|---|---|
| 999 |
_c18720 _d18720 |
||
| 003 | AR-CdUCM | ||
| 008 | 190515b ||||| |||| 00| 0 spa d | ||
| 040 |
_aMUNICIPALIDAD PROVINCIAL DEL CUSCO _cBIBLIOTECA MUNICIPAL DEL CUSCO |
||
| 082 |
_a343.81 / _bG54 |
||
| 100 |
_aGiuliani Fonrouge, Carlos M. _939475 |
||
| 245 | _aDerecho financiero / | ||
| 260 |
_aBuenos Aires : _bDepalma, _c19622. |
||
| 300 |
_a958 páginas ; _c24 cm. |
||
| 505 | _aContenido: v.2. Violación de las normas tributarias -- Contencioso tributario -- Régimen tributario argentino -- Crédito publico. | ||
| 650 |
_aDerecho financiero _927491 |
||
| 650 |
_aPerú _935 |
||
| 650 |
_aFinanzas públicas _93448 |
||
| 650 |
_aAspectos legales _93379 |
||
| 942 |
_2ddc _cLIBROS |
||
| 945 |
_aacv _d2019-05-15 |
||